Attacks on Hindus in Bangladesh and increasing strained relation between the two (Record no. 1678778)

MARC details
000 -LEADER
fixed length control field 00728 a2200229 4500
005 - DATE AND TIME OF LATEST TRANSACTION
control field 20260406152542.0
008 - FIXED-LENGTH DATA ELEMENTS--GENERAL INFORMATION
fixed length control field 260406b |||||||| |||| 00| 0 eng d
020 ## - INTERNATIONAL STANDARD BOOK NUMBER
International Standard Book Number 978-93-48335-11-1
037 ## - SOURCE OF ACQUISITION
Terms of availability TB
040 ## - CATALOGING SOURCE
Original cataloging agency CRL
Transcribing agency CRL
041 ## - LANGUAGE CODE
Source of code eng
Language code of text/sound track or separate title eng
084 ## - COLON CLASSIFICATION NUMBER
Classification number Y:45(Q2).44Q71 R5
Assigning agency CRL
100 ## - MAIN ENTRY--PERSONAL NAME
Personal name Dutt, Shom
9 (RLIN) 1114122
245 ## - TITLE STATEMENT
Title Attacks on Hindus in Bangladesh and increasing strained relation between the two
260 ## - PUBLICATION, DISTRIBUTION, ETC.
Place of publication, distribution, etc. Delhi, India:
Name of publisher, distributor, etc. R. Sons Books,
Date of publication, distribution, etc. 2025.
300 ## - PHYSICAL DESCRIPTION
Extent 288p.
365 ## - TRADE PRICE
Price amount 1499
Currency code INR
650 ## - SUBJECT ADDED ENTRY--TOPICAL TERM
Topical term or geographic name entry element Violence-Bangladesh
9 (RLIN) 1234154
650 ## - SUBJECT ADDED ENTRY--TOPICAL TERM
Topical term or geographic name entry element Hindus
942 ## - ADDED ENTRY ELEMENTS (KOHA)
Koha item type Textbook
Source of classification or shelving scheme Colon Classification (CC)
Classification part Y:45(Q2).44Q71 R5
Holdings
Withdrawn status Lost status Source of classification or shelving scheme Damaged status Not for loan Home library Current library Date acquired Source of acquisition Cost, normal purchase price Inventory number Total Checkouts Full call number Barcode Date last seen Cost, replacement price Price effective from Koha item type
    Colon Classification (CC)     Central Library Central Library 2026-04-06 Prajana Books 1199.20 16 & 16/02/2026   Y:45(Q2).44Q71 R5 CL1926385 2026-02-18 1499.00 2026-02-18 Textbook
Copyright @ Delhi University Library System